=LDR 00000nam 2200000 4500 =001 INLIS000000000048418 =990 ##$$a 21601743 =005 20170404103034.0 =990 ##$$a 21601740 =006 =990 ##$$a 21601741 =007 =990 ##$$a 21601742 =008 =990 ##$$a 21601744 =020 ##$$a 978-602-62-7791-2 =990 ##$$a 21601745 =035 ##$$0010-101600000000176 =990 ##$$a 21601746 =082 ##$$2 22 $a 808.88 =990 ##$$a 21601747 =090 ##$$a 808.88 $b Mur t =990 ##$$a 21601748 =100 ##$$a Mursidi, N. =990 ##$$a 21601749 =245 ##$$a Tips sukses meresensi buku dikoran : jurus ampuh mendulang uang $c N. Mursidi =990 ##$$a 21601750 =260 ##$$a Jakarta $b Elex Media Komputindo $c 2016 =990 ##$$a 21601751 =300 ##$$a x, 240 hlm. $c 20 cm. =990 ##$$a 21601752 =500 ##$$a Bibliografi : hlm. 237 - 238 Biografi : hlm. 239 - 240 =990 ##$$a 21601753 =650 ##$$a Resensi Buku =990 ##$$a 21601754